00470 2200193 4500001002100000005001500021008004100036020002200077035001900099041000600118082001100124090001700135100001400152245002200166260002700188300003000215500001000245650002100255INLIS00000000000402620241224112831241224||||||||| | ||| |||| ||  a978-602-1645-04-8 0010-1224004026 a00 a808..3 a808.3 YUAS k0 aIwan Yusi00aKabut Murung Kayu bMitra Gama Widyac2013 avii,118 hlm.:ilus.;20 cm. aCet.3 0aImu Kesusastraan